The four elements of successful management (Record no. 90475)
[ view plain ]
| 000 -LEADER | |
|---|---|
| fixed length control field | 00503nam a2200193Ia 4500 |
| 008 - FIXED-LENGTH DATA ELEMENTS--GENERAL INFORMATION | |
| fixed length control field | 230125s9999 xx 000 0 und d |
| 020 ## - INTERNATIONAL STANDARD BOOK NUMBER | |
| International Standard Book Number | 81-7809-095-3 |
| 041 ## - LANGUAGE CODE | |
| Language code of text/sound track or separate title | eng |
| 082 ## - DEWEY DECIMAL CLASSIFICATION NUMBER | |
| Classification number | 658 |
| Item number | MAR |
| 100 ## - MAIN ENTRY--PERSONAL NAME | |
| Personal name | Marshall D R |
| 9 (RLIN) | 113369 |
| 245 ## - TITLE STATEMENT | |
| Title | The four elements of successful management |
| 260 ## - PUBLICATION, DISTRIBUTION, ETC. (IMPRINT) | |
| Date of publication, distribution, etc. | 1999 |
| Name of publisher, distributor, etc. | Magna books pub co. |
| Place of publication, distribution, etc. | Mumbai |
| 300 ## - PHYSICAL DESCRIPTION | |
| Extent | 208p |
| 500 ## - GENERAL NOTE | |
| Keywords | General Management |
| 650 ## - SUBJECT ADDED ENTRY--TOPICAL TERM | |
| Topical term or geographic name as entry element | Management |
| 700 ## - ADDED ENTRY--PERSONAL NAME | |
| Personal name | Marshall D R |
| 9 (RLIN) | 113369 |
| 906 ## - LOCAL DATA ELEMENT F, LDF (RLIN) | |
| b | 17 |
| Withdrawn status | Lost status | Damaged status | Not for loan | Home library | Current library | Date acquired | Vendor | Cost, normal purchase price | Bill number | Total Checkouts | Full call number | Barcode | Date last seen | Date last checked out | Cost, replacement price | Bill Date | Koha item type | Original Barcode |
|---|---|---|---|---|---|---|---|---|---|---|---|---|---|---|---|---|---|---|
| Smt. Hiraben Nanavati Institute of Management & Research for Women | Smt. Hiraben Nanavati Institute of Management & Research for Women | 24/07/2003 | Crossword | 175.00 | 03G190 | 1 | 658 MAR B03506 | HIMR-BK-3506 | 01/02/2024 | 24/01/2024 | 158.00 | 22/07/2003 | Books | B03506 |